000 01241nam a22001697a 4500
999 _c11815
_d11815
008 190108b ||||| |||| 00| 0 eng d
020 _a978-1-4052-5861-6
082 _2©2012
_aDFic
_bW639
100 _aWignall, KJ
_933649
245 _aAlchemy/
_cKJ Wignall
260 _aGreat Britain:
_bElectronic Monkey
_c©2012
300 _a327 pages ;
_c20 cm.
520 _aA demon ended my childhood. I was not bitten, do not think that of me, but in a very real sense I was infected, and the darkness of that creature crept into my heart. It is lodged there still, and the only way I'll ever be free of it is to rid the world of the demon itself... The vampire William of Mercia continues to search for answers about his long, undead life, together with Eloise, the girl with whom his fate is entwined. But the darkness doesn't yield its secrets easily. As they edge closer to the truth, it becomes clear that something evil knows their every move, and this time it;s targeting the person Will needs most of all. Lost in a frozen landscape, powerful adversaries are locked in a battle that not everyone can survive, as destiny collides with a sorcerer's dark arts...
650 _2FICTION
365 _b190.00
_cPhp
942 _2ddc
_cDFIC